[Event "TBMM Kupasi Prel 2022"]
[Site "Ankara"]
[Date "2022.03.17"]
[Round "1"]
[White "Yilmaz, Mustafa"]
[Black "Ozturk Orenli, Kubra"]
[Result "1-0"]
[WhiteElo "2627"]
[BlackElo "2334"]
[Annotator "TA"]
[PlyCount "53"]
[EventDate "2022.03.17"]
[EventType "tourn"]
[EventCountry "TUR"]
[SourceTitle "playchess.com"]
[Source "ChessBase"]
[SourceQuality "1"]

{[%evp 11,53,-2,0,0,0,-29,32,0,81,72,103,69,103,91,127,97,114,83,96,73,119,97,133,124,143,143,162,154,166,128,139,149,126,147,247,206,248,266,245,186,356,350,345,325]} 1. Nf3 d5 2. g3 g6 3. Bg2 Bg7 4. O-O e5 5. d3 Ne7 6. c4 c6 7. e4 {A07: Réti Opening: New York and Capablanca Systems.} O-O 8. Nc3 {[#] 8.b4 injects fresh life into this line.} a5 $146 (8... d4 $11 9. Ne2 c5) ({Predecessor:} 8... Na6 9. exd5 cxd5 10. cxd5 Nxd5 11. Nxd5 Qxd5 12. Re1 Qd6 13. Be3 Bd7 14. d4 exd4 15. Bxd4 {½-½ (60) Krivoborodov,E (2517)-Hertneck,G (2489) Germany 2019}) 9. Qb3 {[%cal Re4d5] White is slightly better.} dxc4 (9... d4 $11 {remains equal.} 10. Na4 b5 11. cxb5 Be6) 10. dxc4 $16 (10. Qxc4 $6 Be6 11. Qa4 c5 $15) 10... Na6 11. Rd1 Qe8 12. Be3 {Inhibits Nc5.} Be6 13. Ng5 Bg4 14. f3 ({Resist} 14. Qxb7 Bxd1 15. Rxd1 Nb4 $14) 14... Bc8 15. Na4 {[%cal Bc3a4,Ba4b6,Bb6d5][%mdl 32]} h6 {[#]} ({Better is} 15... Rb8) 16. Nh3 $1 {White is much more active.} b5 17. Nb6 $36 {[%mdl 2048] Black is under strong pressure.} Rb8 18. Rac1 Be6 {[#]} 19. Qa3 $1 a4 20. b3 Nc8 {[#]} 21. cxb5 $1 cxb5 22. Nd5 f5 (22... Bxd5 $16 {is a better defense.} 23. Rxd5 (23. exd5 Ne7 $18) 23... Rb7 24. bxa4 bxa4) 23. Nf2 Rf7 24. bxa4 bxa4 25. Bf1 Bf8 $2 (25... Bxd5 26. exd5 (26. Rxd5 Nc7 $18) 26... Nc7) 26. Qc3 $18 Bxd5 27. Rxd5 {Black did not feel at home in the position after the opening.  Weighted Error Value: White=0.13 (very precise) /Black=0.40} 1-0

[Event "TBMM Kupasi Prel 2022"]
[Site "Ankara"]
[Date "2022.03.17"]
[Round "1"]
[White "Sanal, Vahap"]
[Black "Okuyaz, Duru"]
[Result "1-0"]
[WhiteElo "2601"]
[BlackElo "2094"]
[Annotator "TA"]
[PlyCount "47"]
[EventDate "2022.03.17"]
[EventType "tourn"]
[EventCountry "TUR"]
[SourceTitle "playchess.com"]
[Source "ChessBase"]
[SourceQuality "1"]

{[%evp 12,47,18,23,12,11,18,-14,0,0,4,0,10,-89,22,3,29,12,241,132,132,25,22,33,42,0,99,108,103,110,684,507,499,502,885,880,29992,29992]} 1. e4 e6 2. d4 d5 3. Nc3 dxe4 4. Nxe4 Nd7 5. Bd3 Ngf6 6. Qe2 Nxe4 7. Bxe4 c5 {C10: French with 3 Nc3: Unusual Black 3rd moves and 3...dxe4.} 8. d5 {Strongly threatening dxe6.} e5 9. f4 Bd6 {[#] The position is equal.} 10. f5 $146 {Active counter play!} ({Predecessor:} 10. fxe5 Nxe5 11. Nf3 O-O 12. Nxe5 Bxe5 13. O-O Qd6 14. Qh5 f5 15. Bf3 Bd7 16. Qh4 {0-1 (36) Rodin,M (2430)-Dokutchaev,A (2440) Azov 1996}) 10... Nf6 11. Nf3 Qd7 12. Nh4 (12. Nd2 $1 $11) 12... Be7 ({Black should play} 12... b5 $17) 13. O-O O-O {[%cal Oc5c4]} (13... Nxd5 $2 14. Rd1 $1 $18) (13... c4 $5) 14. c4 Nxd5 $2 15. Bxd5 ({White must play} 15. cxd5 $18 {[%cal Of5f6] Hoping for f6!} Bxh4 16. f6 Bxf6 17. Rxf6) 15... Bxh4 $16 16. Qxe5 (16. Be3 $16) 16... Re8 $11 17. Qf4 Bf6 18. Qg3 (18. Bd2 $14) 18... Be5 {[#]} (18... Qd8 $11 {keeps the balance.}) 19. Bf4 $1 $16 Bxb2 {[#] White must now prevent ...Bd4+.} 20. Rae1 $1 $40 {[%mdl 128] And now Rxe8+ would win. Black is in trouble.} h5 $2 {[%mdl 8192]} ({Not} 20... Bd4+ 21. Kh1 $14) (20... Kh8 $16) 21. Rxe8+ Qxe8 22. Re1 Qd7 (22... Bd4+ $142 23. Kf1 Bxf5 24. Rxe8+ Rxe8 25. Bxb7 g6) 23. Qg6 $18 {White threatens Bg5 and mate.} Kf8 24. Bd6+ {Weighted Error Value: White=0.38/Black=1.27} 1-0

[Event "TBMM Kupasi Prel 2022"]
[Site "Ankara"]
[Date "2022.03.17"]
[Round "1"]
[White "Can, Isik"]
[Black "Gurel, Ediz"]
[Result "0-1"]
[WhiteElo "2426"]
[BlackElo "2380"]
[Annotator "ChessBase"]
[PlyCount "66"]
[EventDate "2022.03.17"]
[EventType "tourn"]
[EventCountry "TUR"]
[SourceTitle "playchess.com"]
[Source "ChessBase"]
[SourceQuality "1"]
[TimeControl "3600+30"]

1. e4 {[%emt 0:01:00]} c5 {[%emt 0:01:00]} 2. Nf3 {[%emt 0:00:30]} e6 {[%emt 0:00:00]} 3. d4 {[%emt 0:00:00]} cxd4 {[%emt 0:00:00]} 4. Nxd4 {[%emt 0:00:00]} Nc6 {[%emt 0:00:30]} 5. Nc3 {[%emt 0:00:30]} Qc7 {[%emt 0:00:00]} 6. f4 {[%emt 0:00:00]} a6 {[%emt 0:00:00]} 7. Nxc6 {[%emt 0:00:00]} Qxc6 {[%emt 0:00:30]} 8. Bd3 {[%emt 0:00:00]} b5 {[%emt 0:00:30]} 9. Qe2 {[%emt 0:01:00]} Bb7 {[%emt 0:00:30]} 10. Bd2 {[%emt 0:00:00]} Rc8 {[%emt 0:00:00]} 11. a3 {[%emt 0:03:00]} h5 {[%emt 0:01:00]} 12. O-O-O {[%emt 0:09:30]} b4 {[%emt 0:00:30]} 13. axb4 {[%emt 0:00:30]} Bxb4 {[%emt 0:00:30]} 14. Rhf1 {[%emt 0:15:30]} Nf6 {[%emt 0:11:30]} 15. e5 {[%emt 0:04:30]} Bxc3 {[%emt 0:02:30]} 16. Bxc3 {[%emt 0:00:00]} Nd5 {[%emt 0:00:30]} 17. Bd2 {[%emt 0:03:00]} Qa4 {[%emt 0:06:30]} 18. Kb1 {[%emt 0:01:30]} Bc6 {[%emt 0:02:30]} 19. f5 {[%emt 0:10:40]} Rb8 {[%emt 0:02:30]} 20. Bc4 {[%emt 0:07:01]} Bb5 {[%emt 0:03:30]} 21. Bxb5 {[%emt 0:00:38]} axb5 {[%emt 0:04:30]} 22. b3 {[%emt 0:06:07]} Qa3 {[%emt 0:01:30]} 23. Qf3 {[%emt 0:01:39]} O-O {[%emt 0:04:30]} 24. Bc1 {[%emt 0:00:28]} Qc5 {[%emt 0:00:30]} 25. Bb2 {[%emt 0:04:04]} Ne3 {[%emt 0:07:30]} 26. Qf2 {[%emt 0:00:01]} Rbc8 {[%emt 0:00:00]} 27. Ba3 {[%emt 0:00:34]} Qxa3 {[%emt 0:02:55]} 28. Qxe3 {[%emt 0:00:01]} Rc7 {[%emt 0:01:44]} 29. Qc1 {[%emt 0:01:51]} Qc5 {[%emt 0:01:57]} 30. Qb2 {[%emt 0:00:48]} Ra8 {[%emt 0:02:00]} 31. f6 {[%emt 0:00:58]} Rca7 {[%emt 0:02:15]} 32. fxg7 {[%emt 0:00:14]} b4 {[%emt 0:01:16]} 33. Kc1 {[%emt 0:00:52]} Qc3 {[%emt 0:00:59]} 0-1

[Event "TBMM Kupasi Prel 2022"]
[Site "Ankara"]
[Date "2022.03.17"]
[Round "1"]
[White "Ozen, Deniz"]
[Black "Gokerkan, Cem Kaan"]
[Result "1/2-1/2"]
[WhiteElo "2397"]
[BlackElo "2445"]
[Annotator "TA"]
[PlyCount "38"]
[EventDate "2022.03.17"]
[EventType "tourn"]
[EventCountry "TUR"]
[SourceTitle "playchess.com"]
[Source "ChessBase"]
[SourceQuality "1"]

{[%evp 12,38,0,0,12,0,0,10,7,0,7,0,19,32,31,0,32,15,25,25,33,31,37,28,39,0,39,0,37]} 1. e4 c6 2. d4 d5 3. Nc3 {[%cal Bb1c3,Bc3e4,Be4g3][%mdl 32]} dxe4 4. Nxe4 Bf5 5. Ng3 Bg6 6. Nh3 Nf6 $1 {[%mdl 4] outshines the older 6...e6.} 7. Nf4 Nbd7 {B18: Classical Caro-Kann: 4...Bf5 sidelines.} 8. Bc4 Qc7 9. O-O e6 10. c3 {[%cal Oc4e6]} Bd6 11. Qf3 {[%cal Oc4e6]} Nd5 {[%cal Rd5f4]} 12. Nxg6 hxg6 13. Bb3 N5f6 {[#]} 14. Re1 $146 ({Predecessor:} 14. a4 O-O-O 15. a5 a6 16. h3 Kb8 17. Bg5 Rdf8 18. Rfe1 Ka8 19. Bc2 Nd5 20. c4 {0-1 (48) Zulfugarli,M (2479)-Badalov,S (2322) Baku 2000}) 14... O-O 15. Bg5 Rfe8 16. h3 Nh7 17. Bd2 Nhf6 18. Bg5 Nh7 19. Bd2 Nhf6 {Weighted Error Value: White=0.11 (very precise) /Black=0.06 (flawless)} 1/2-1/2

[Event "TBMM Kupasi Prel 2022"]
[Site "Ankara"]
[Date "2022.03.17"]
[Round "1"]
[White "Caglar, Sila"]
[Black "Haznedaroglu, Kivanc"]
[Result "1/2-1/2"]
[WhiteElo "2200"]
[BlackElo "2442"]
[Annotator "ChessBase"]
[PlyCount "190"]
[EventDate "2022.03.17"]
[EventType "tourn"]
[EventCountry "TUR"]
[SourceTitle "playchess.com"]
[Source "ChessBase"]
[SourceQuality "1"]
[TimeControl "3600+30"]

1. e4 {[%emt 0:01:00]} Nf6 {[%emt 0:01:00]} 2. e5 {[%emt 0:00:30]} Nd5 {[%emt 0:00:30]} 3. d4 {[%emt 0:00:30]} d6 {[%emt 0:00:00]} 4. c4 {[%emt 0:00:00]} Nb6 {[%emt 0:00:00]} 5. exd6 {[%emt 0:00:00]} exd6 {[%emt 0:00:00]} 6. Nc3 {[%emt 0:00:00]} Be7 {[%emt 0:00:00]} 7. Bd3 {[%emt 0:00:00]} O-O {[%emt 0:00:30]} 8. h3 {[%emt 0:00:30]} Bf6 {[%emt 0:05:30]} 9. Nge2 {[%emt 0:00:00]} c6 {[%emt 0:03:30]} 10. O-O {[%emt 0:01:00]} Na6 {[%emt 0:00:30]} 11. a3 {[%emt 0:14:30]} Nc7 {[%emt 0:00:30]} 12. Be3 {[%emt 0:04:30]} Re8 {[%emt 0:03:30]} 13. b3 {[%emt 0:07:30]} d5 {[%emt 0:03:30]} 14. c5 {[%emt 0:00:30]} Nd7 {[%emt 0:00:00]} 15. Qd2 {[%emt 0:04:30]} Ne6 {[%emt 0:02:00]} 16. b4 {[%emt 0:00:30]} Ndf8 {[%emt 0:05:30]} 17. b5 {[%emt 0:03:30]} g6 {[%emt 0:01:30]} 18. Na2 {[%emt 0:10:30]} Ng7 {[%emt 0:17:30]} 19. Nb4 {[%emt 0:00:47]} Qd7 {[%emt 0:01:30]} 20. a4 {[%emt 0:00:41]} Nfe6 {[%emt 0:01:30]} 21. Ra3 {[%emt 0:03:22]} Nc7 {[%emt 0:00:30]} 22. Nc3 {[%emt 0:01:04]} Nge6 {[%emt 0:00:30]} 23. b6 {[%emt 0:01:32]} axb6 {[%emt 0:04:29]} 24. cxb6 {[%emt 0:00:01]} Be7 {[%emt 0:04:20]} 25. Rb3 {[%emt 0:08:18]} Bxb4 {[%emt 0:00:30]} 26. Rxb4 {[%emt 0:00:00]} Na6 {[%emt 0:00:00]} 27. Rb2 {[%emt 0:02:13]} Qe7 {[%emt 0:00:06]} 28. Ne2 {[%emt 0:00:39]} Bd7 {[%emt 0:02:12]} 29. a5 {[%emt 0:01:02]} Rec8 {[%emt 0:02:04]} 30. Rc1 {[%emt 0:01:13]} Ng7 {[%emt 0:00:24]} 31. Nf4 {[%emt 0:00:41]} Bf5 {[%emt 0:01:27]} 32. Bf1 {[%emt 0:01:28]} Qd6 {[%emt 0:03:28]} 33. f3 {[%emt 0:01:29]} h5 {[%emt 0:00:33]} 34. g4 {[%emt 0:00:38]} Bd7 {[%emt 0:02:28]} 35. Nd3 {[%emt 0:00:10]} hxg4 {[%emt 0:02:23]} 36. hxg4 {[%emt 0:00:30]} Qg3+ {[%emt 0:00:23]} 37. Qg2 {[%emt 0:00:07]} Qxg2+ {[%emt 0:00:30]} 38. Kxg2 {[%emt 0:00:30]} Ne6 {[%emt 0:00:00]} 39. Ne5 {[%emt 0:00:00]} Be8 {[%emt 0:00:00]} 40. f4 {[%emt 0:02:27]} f6 {[%emt 0:03:49]} 41. Nf3 {[%emt 0:01:11]} Bd7 {[%emt 0:00:40]} 42. Bd3 {[%emt 0:00:33]} Kf7 {[%emt 0:01:06]} 43. g5 {[%emt 0:00:10]} Nf8 {[%emt 0:00:45]} 44. gxf6 {[%emt 0:01:05]} Bf5 {[%emt 0:00:05]} 45. Ne5+ {[%emt 0:00:57]} Kxf6 {[%emt 0:00:02]} 46. Bxf5 {[%emt 0:00:28]} Kxf5 {[%emt 0:00:30]} 47. Kf3 {[%emt 0:00:00]} Nb8 {[%emt 0:00:23]} 48. Rg2 {[%emt 0:00:22]} Nbd7 {[%emt 0:01:03]} 49. Rg5+ {[%emt 0:01:13]} Kf6 {[%emt 0:00:01]} 50. Rcg1 {[%emt 0:00:07]} Re8 {[%emt 0:01:26]} 51. Nxd7+ {[%emt 0:00:57]} Nxd7 {[%emt 0:00:30]} 52. Rxg6+ {[%emt 0:00:00]} Ke7 {[%emt 0:00:00]} 53. Bf2 {[%emt 0:00:49]} Nf8 {[%emt 0:00:44]} 54. Bh4+ {[%emt 0:00:24]} Kd7 {[%emt 0:00:34]} 55. Rg7+ {[%emt 0:00:05]} Kd6 {[%emt 0:00:00]} 56. f5 {[%emt 0:01:03]} c5 {[%emt 0:00:00]} 57. Bg3+ {[%emt 0:01:00]} Kc6 {[%emt 0:00:23]} 58. Rc7+ {[%emt 0:00:30]} Kb5 {[%emt 0:00:00]} 59. Rxc5+ {[%emt 0:00:00]} Ka6 {[%emt 0:00:00]} 60. Rxd5 {[%emt 0:00:00]} Rac8 {[%emt 0:00:00]} 61. Bc7 {[%emt 0:00:05]} Nh7 {[%emt 0:00:10]} 62. Rg6 {[%emt 0:00:46]} Rf8 {[%emt 0:00:00]} 63. Kf4 {[%emt 0:00:59]} Rf7 {[%emt 0:00:21]} 64. Re5 {[%emt 0:00:35]} Nf8 {[%emt 0:00:29]} 65. Rh6 {[%emt 0:00:28]} Nd7 {[%emt 0:00:07]} 66. d5 {[%emt 0:00:46]} Nxe5 {[%emt 0:00:16]} 67. Kxe5 {[%emt 0:00:06]} Rcf8 {[%emt 0:01:49]} 68. f6 {[%emt 0:00:06]} Re8+ {[%emt 0:00:30]} 69. Kf5 {[%emt 0:00:30]} Kxa5 {[%emt 0:00:00]} 70. Rg6 {[%emt 0:00:14]} Re2 {[%emt 0:02:17]} 71. d6 {[%emt 0:00:17]} Kb5 {[%emt 0:00:57]} 72. Rg5 {[%emt 0:00:20]} Kc6 {[%emt 0:00:57]} 73. Kg6 {[%emt 0:00:03]} Rd7 {[%emt 0:00:00]} 74. Rf5 {[%emt 0:02:25]} Rg2+ {[%emt 0:00:33]} 75. Rg5 {[%emt 0:00:15]} Rf2 {[%emt 0:00:00]} 76. Rg1 {[%emt 0:00:36]} Kd5 {[%emt 0:01:10]} 77. Rd1+ {[%emt 0:00:30]} Kc6 {[%emt 0:00:00]} 78. Re1 {[%emt 0:00:03]} Rf3 {[%emt 0:02:28]} 79. Re7 {[%emt 0:00:30]} Rg3+ {[%emt 0:00:30]} 80. Kf7 {[%emt 0:00:00]} Rg1 {[%emt 0:00:06]} 81. Ke8 {[%emt 0:00:49]} Rg8+ {[%emt 0:00:30]} 82. Kf7 {[%emt 0:00:03]} Rh8 {[%emt 0:00:26]} 83. Kg7 {[%emt 0:01:08]} Rh1 {[%emt 0:00:01]} 84. f7 {[%emt 0:00:00]} Rg1+ {[%emt 0:00:30]} 85. Kf8 {[%emt 0:00:28]} Ra1 {[%emt 0:00:00]} 86. Kg7 {[%emt 0:01:47]} Rg1+ {[%emt 0:00:00]} 87. Kf6 {[%emt 0:00:00]} Rf1+ {[%emt 0:00:00]} 88. Kg6 {[%emt 0:00:54]} Rg1+ {[%emt 0:00:21]} 89. Kh7 {[%emt 0:00:00]} Rf1 {[%emt 0:00:00]} 90. Kg8 {[%emt 0:00:15]} Rg1+ {[%emt 0:00:00]} 91. Kf8 {[%emt 0:00:30]} Ra1 {[%emt 0:00:00]} 92. Bb8 {[%emt 0:00:50]} Rd8+ {[%emt 0:04:58]} 93. Re8 {[%emt 0:00:30]} Kd7 {[%emt 0:00:00]} 94. Bc7 {[%emt 0:00:00]} Rc8 {[%emt 0:00:00]} 95. Kg7 {[%emt 0:01:46]} Rg1+ {[%emt 0:00:00]} 1/2-1/2

[Event "TBMM Kupasi Prel 2022"]
[Site "Ankara"]
[Date "2022.03.17"]
[Round "1"]
[White "Aydin, Gulenay"]
[Black "Yarar, Bora"]
[Result "1/2-1/2"]
[WhiteElo "2069"]
[BlackElo "2424"]
[Annotator "ChessBase"]
[PlyCount "102"]
[EventDate "2022.03.17"]
[EventType "tourn"]
[EventCountry "TUR"]
[SourceTitle "playchess.com"]
[Source "ChessBase"]
[SourceQuality "1"]
[TimeControl "3600+30"]

1. e4 {[%emt 0:01:00]} c6 {[%emt 0:01:00]} 2. Nf3 {[%emt 0:00:30]} d5 {[%emt 0:01:30]} 3. d3 {[%emt 0:00:30]} Bg4 {[%emt 0:02:30]} 4. h3 {[%emt 0:01:30]} Bh5 {[%emt 0:01:30]} 5. g4 {[%emt 0:05:30]} dxe4 {[%emt 0:04:30]} 6. dxe4 {[%emt 0:03:30]} Qxd1+ {[%emt 0:00:30]} 7. Kxd1 {[%emt 0:00:00]} Bg6 {[%emt 0:00:30]} 8. Bd3 {[%emt 0:02:00]} Nd7 {[%emt 0:01:30]} 9. Be3 {[%emt 0:01:30]} O-O-O {[%emt 0:02:30]} 10. Nbd2 {[%emt 0:02:30]} e6 {[%emt 0:02:30]} 11. Ke2 {[%emt 0:02:30]} Bc5 {[%emt 0:04:30]} 12. a4 {[%emt 0:06:30]} Ngf6 {[%emt 0:05:30]} 13. Bxc5 {[%emt 0:12:30]} Nxc5 {[%emt 0:00:30]} 14. Ke3 {[%emt 0:00:30]} a5 {[%emt 0:05:30]} 15. Ne5 {[%emt 0:04:30]} Nfd7 {[%emt 0:00:30]} 16. Nxg6 {[%emt 0:00:30]} hxg6 {[%emt 0:00:30]} 17. Nc4 {[%emt 0:00:30]} Kc7 {[%emt 0:13:30]} 18. Nxa5 {[%emt 0:04:58]} Rh4 {[%emt 0:01:55]} 19. b4 {[%emt 0:14:44]} Nxd3 {[%emt 0:01:28]} 20. cxd3 {[%emt 0:00:06]} Rdh8 {[%emt 0:01:24]} 21. Nc4 {[%emt 0:00:12]} Rxh3+ {[%emt 0:03:49]} 22. Rxh3 {[%emt 0:00:30]} Rxh3+ {[%emt 0:00:30]} 23. f3 {[%emt 0:00:00]} f6 {[%emt 0:00:00]} 24. a5 {[%emt 0:01:17]} e5 {[%emt 0:01:50]} 25. a6 {[%emt 0:00:30]} bxa6 {[%emt 0:00:55]} 26. Rxa6 {[%emt 0:00:10]} Kb7 {[%emt 0:02:40]} 27. Ra1 {[%emt 0:01:28]} Rh2 {[%emt 0:02:28]} 28. Rc1 {[%emt 0:01:01]} Ka6 {[%emt 0:02:10]} 29. Nd6 {[%emt 0:00:44]} Kb6 {[%emt 0:00:51]} 30. Nc8+ {[%emt 0:00:40]} Kb5 {[%emt 0:01:04]} 31. Na7+ {[%emt 0:02:18]} Kxb4 {[%emt 0:00:06]} 32. Nxc6+ {[%emt 0:00:00]} Kb3 {[%emt 0:00:42]} 33. Ne7 {[%emt 0:00:27]} Nf8 {[%emt 0:00:52]} 34. d4 {[%emt 0:01:07]} exd4+ {[%emt 0:00:48]} 35. Kxd4 {[%emt 0:00:01]} Ne6+ {[%emt 0:00:59]} 36. Ke3 {[%emt 0:00:04]} g5 {[%emt 0:00:55]} 37. Nd5 {[%emt 0:00:12]} Rc2 {[%emt 0:01:12]} 38. Rb1+ {[%emt 0:01:01]} Rb2 {[%emt 0:00:56]} 39. Rxb2+ {[%emt 0:01:24]} Kxb2 {[%emt 0:00:05]} 40. f4 {[%emt 0:00:18]} gxf4+ {[%emt 0:01:36]} 41. Nxf4 {[%emt 0:00:02]} Ng5 {[%emt 0:00:24]} 42. Nh5 {[%emt 0:00:36]} Ne6 {[%emt 0:00:18]} 43. e5 {[%emt 0:00:41]} fxe5 {[%emt 0:01:01]} 44. Ke4 {[%emt 0:00:06]} g6 {[%emt 0:00:29]} 45. Ng3 {[%emt 0:01:28]} Nf4 {[%emt 0:01:18]} 46. Kxe5 {[%emt 0:00:41]} g5 {[%emt 0:00:06]} 47. Ne4 {[%emt 0:00:18]} Nh3 {[%emt 0:00:09]} 48. Kd4 {[%emt 0:00:31]} Kb3 {[%emt 0:00:58]} 49. Ke3 {[%emt 0:00:30]} Kc4 {[%emt 0:00:00]} 50. Kf3 {[%emt 0:00:00]} Kd4 {[%emt 0:00:39]} 51. Nxg5 {[%emt 0:00:21]} Nxg5+ {[%emt 0:00:30]} 1/2-1/2

[Event "TBMM Kupasi Prel 2022"]
[Site "Ankara"]
[Date "2022.03.17"]
[Round "2"]
[White "Can, Isik"]
[Black "Sanal, Vahap"]
[Result "1-0"]
[WhiteElo "2426"]
[BlackElo "2601"]
[Annotator "TA"]
[PlyCount "63"]
[EventDate "2022.03.17"]
[EventType "tourn"]
[EventCountry "TUR"]
[SourceTitle "playchess.com"]
[Source "ChessBase"]
[SourceQuality "1"]

{[%evp 15,63,-8,-3,0,48,29,66,67,64,62,77,79,83,80,76,50,88,71,126,114,149,150,168,124,187,193,197,161,377,374,528,537,545,530,550,550,912,822,1307,1281,2706,2596,2972,2185,2937,2822,29988,29986,29984,29985]} 1. e4 e5 2. Nc3 Nc6 3. Bc4 Nf6 4. d3 Bb4 5. Nge2 d5 6. exd5 Nxd5 7. O-O Be6 8. Bxd5 Bxd5 9. f4 {C28: Vienna Game: 2...Nf6 3 Bc4 Nc6.} Qd7 {9...f6 gains popularity.} (9... O-O $11 {should be considered.}) 10. fxe5 {[#]} (10. Nxd5 {is interesting.} Qxd5 11. fxe5 O-O-O 12. c3 Bf8 13. d4) 10... Bxc3 $146 ({Predecessor:} 10... Nxe5 11. Nxd5 Qxd5 12. Nf4 Qd6 13. d4 O-O-O 14. c3 Ba5 15. b4 Bb6 16. Kh1 h5 {1-0 (32) Ruiz Buendia,M (1917)-Verhoef,J (2015) Caleta 2020}) 11. Nxc3 {White is slightly better.} Be6 12. Bf4 O-O-O 13. Qd2 h6 14. Kh1 b6 15. a4 {[%cal Oa4a5]} a5 16. Nb5 g5 {[#]} (16... Kb7 $142) 17. Be3 $1 $16 Rhg8 18. Qe2 {White is more active.} Bg4 19. Qe1 (19. Qf2 $18) 19... Be6 (19... Nb4 $16) 20. b3 $18 Nb4 21. Qf2 Nd5 $2 {[#]} (21... Rge8 22. d4 (22. Qf3 Bd5 $11) 22... f5 23. exf6 Nd5) 22. d4 {[%cal Bd3d4,Bd4d5][%mdl 32]} f6 (22... Kb8 {was necessary.} 23. c4 Nxe3) 23. c4 ({Weaker is} 23. exf6 Rde8 24. f7 Bxf7 $16) 23... Nxe3 24. Qxe3 fxe5 25. d5 Bg4 26. b4 {[%cal Bb3b4,Bb4a5][%mdl 32]} Rdf8 27. bxa5 Kb7 28. axb6 c6 29. dxc6+ Qxc6 30. Qxe5 Ka8 31. b7+ Qxb7 32. Nc7+ {White took control after the opening.  Weighted Error Value: White=0.07 (flawless) /Black=0.84} 1-0

[Event "TBMM Kupasi Prel 2022"]
[Site "Ankara"]
[Date "2022.03.17"]
[Round "2"]
[White "Gurel, Ediz"]
[Black "Yarar, Bora"]
[Result "1/2-1/2"]
[WhiteElo "2380"]
[BlackElo "2424"]
[Annotator "TA"]
[PlyCount "76"]
[EventDate "2022.03.17"]
[EventType "tourn"]
[EventCountry "TUR"]
[SourceTitle "playchess.com"]
[Source "ChessBase"]
[SourceQuality "1"]

{[%evp 20,76,35,-20,13,14,18,0,6,0,0,4,33,38,23,13,15,19,40,-5,0,-5,-6,0,34,33,48,0,0,0,0,0,0,0,0,0,0,0,0,0,0,-2,-2,-2,-2,-6,-3,-8,-3,-6,0,0,0,0,0,0,0,0,8]} 1. e4 e6 2. d4 d5 3. Nd2 c5 4. Ngf3 Nc6 5. exd5 exd5 6. Bb5 Bd6 7. O-O Nge7 8. dxc5 Bxc5 9. Nb3 Bb6 10. c3 O-O 11. Bf4 (11. Re1 $14) 11... Bg4 {C09: French Tarrasch: 3...c5 4 exd5 exd5 5 Ngf3 Nc6.} (11... Ng6 $5 {[%cal Rg6f4]} 12. Bg5 f6 $11) 12. h3 Bh5 13. Be2 Re8 14. Qd2 Ng6 15. Bg3 {[#]} a5 $146 ({Predecessor:} 15... Qf6 16. Rae1 Rad8 17. Nfd4 Bxe2 18. Nxe2 Re4 19. Kh1 h5 20. f3 Ra4 21. a3 d4 22. cxd4 Nxd4 23. Nexd4 Bxd4 {½-½ (35) Maki Uuro,M (2341)-Driamin,D (2230) Budapest 2000}) 16. Rad1 a4 17. Nbd4 Qf6 18. Nb5 {Black should prevent Nd6.} Rad8 {To avoid Nd6} 19. Rfe1 (19. Nc7 $14 Bxc7 20. Bxc7) 19... Re4 $11 20. Nfd4 Bxe2 21. Rxe2 Bxd4 22. Nxd4 Nxd4 23. cxd4 (23. Rxe4 $14 dxe4 24. cxd4) 23... Rde8 {The position is equal.} 24. Rxe4 Rxe4 25. Re1 Rxe1+ 26. Qxe1 {[#] aiming for Qe8+.} Qc6 {Inhibits Qe8+.} 27. Qa5 {Threatens to win with Qd8+.} b6 28. Qa7 {Strongly threatening Qb8+.} h5 29. Qb8+ Kh7 30. Qc7 Qxc7 31. Bxc7 {[%mdl 4096] Endgame KB-KN} b5 32. Bd6 Nh4 33. Kf1 Kg6 34. Bc5 Kf5 {[#] And now ...Ke4 would win.} 35. f3 Ng6 36. g4+ Ke6 37. Bb4 Nf4 38. Bd2 $1 Ng6 $1 {Weighted Error Value: White=0.08 (flawless) /Black=0.05 (flawless)} 1/2-1/2

[Event "TBMM Kupasi Prel 2022"]
[Site "Ankara"]
[Date "2022.03.17"]
[Round "2"]
[White "Ozturk Orenli, Kubra"]
[Black "Ozen, Deniz"]
[Result "1/2-1/2"]
[WhiteElo "2334"]
[BlackElo "2397"]
[Annotator "TA"]
[PlyCount "69"]
[EventDate "2022.03.17"]
[EventType "tourn"]
[EventCountry "TUR"]
[SourceTitle "playchess.com"]
[Source "ChessBase"]
[SourceQuality "1"]

{[%evp 18,69,0,0,19,0,0,0,0,-16,-10,-16,-13,-22,-16,-37,0,0,12,0,13,-30,-22,-22,-23,-23,-8,-16,0,-24,-21,-77,-37,-39,-18,-18,-18,-19,-20,-26,0,-7,45,0,0,0,8,0,0,0,8,0,0,0]} 1. d4 d5 2. c4 c6 3. cxd5 cxd5 4. Nc3 Nf6 5. Bf4 Nc6 6. e3 Bf5 7. Nf3 e6 8. Bb5 Nd7 9. O-O Rc8 10. Rc1 a6 {D14: Slav Defence: Exchange variation with ...Bf5.} 11. Bd3 Bxd3 12. Qxd3 Be7 13. a3 O-O 14. Rc2 Nb6 15. Rfc1 Nc4 16. e4 {[#]} dxe4 $146 ({Predecessor:} 16... Nb6 17. exd5 Nxd5 18. Nxd5 Qxd5 19. Ne5 Nxe5 20. Bxe5 Rxc2 21. Rxc2 f6 22. Bc7 Rc8 {0-1 (44) Middendorf,H-Grimm,B GER email 2011}) 17. Nxe4 $11 Nb6 18. Nc5 Bxc5 19. Rxc5 (19. Ng5 $142 g6 20. Qh3) 19... Nd5 20. Ng5 {[%csl Gg5][%cal Rd3h7] [#]} Nf6 {[%cal Oe6e5]} 21. Ne4 Nxe4 22. Qxe4 Qf6 23. b4 Rcd8 24. Be5 ({But not} 24. Rh5 g6 25. Bg5 Qxd4 $17) (24. Be3 $1 $11 {remains equal.}) 24... Qg6 25. Qe3 {[%cal Oe5g7]} h6 (25... Rfe8 $5 {[%cal Rf7f6]}) 26. h3 $1 Rd7 27. Rxc6 bxc6 28. Rxc6 Ra8 29. Qe2 Rda7 ({Black should play} 29... Qf5 $11) 30. Kh2 (30. d5 $1 $14 {deserves consideration.}) 30... Qf5 {The position is equal.} 31. Rc5 {[%cal Oe5g7] aiming for Bxg7!} Qg6 32. Rc6 {[%cal Od4d5]} Qf5 33. Rc5 {[%cal Oe5g7] Threatens to win with Bxg7!} Qg6 34. Rc6 {[%cal Od4d5]} Qf5 35. Rc5 {Weighted Error Value: White=0.13 (very precise) /Black=0.11 (very precise)} 1/2-1/2